| 000 | 01116cad a22001935a 4500 | ||
|---|---|---|---|
| 001 | E154382 | ||
| 008 | 111122s2011 xxk f 000 0 eng d | ||
| 035 | _a(Sirsi) u154382 | ||
| 041 | 0 | _aeng | |
| 110 | 2 |
_aShelter Scotland _93573 |
|
| 245 | 0 | 0 |
_aPremiums in the private rented sector _h[electronic resource] |
| 260 |
_a[Scotland] _bShelter Scotland _c2011 |
||
| 520 | _aPresents the results of a 'mystery shopping' exercise to investigate the nature and levels of 'premiums' charged by letting agents to new tenants. 26 out of the 30 letting agencies contacted as part of the exercise charged an upfront fee, ranging from £16.80 to £180, and usually described as an 'administration fee' to cover things such as credit checks. The report suggests that such charges are unfair and damaging to tenants. | ||
| 590 | _aKA | ||
| 651 | 4 |
_aScotland _y1999- |
|
| 690 | _aPROPERTY-LEASEHOLD PROPERTY-LANDLORD AND TENANT | ||
| 856 | 4 | 0 |
_uhttps://scotland.shelter.org.uk/__data/assets/pdf_file/0011/396920/Premiums_Evidence_Report_-_FINAL.pdf _zView the report free of charge at http://scotland.shelter.org.uk |
| 942 | _n0 | ||
| 999 |
_c112962 _d112962 |
||